La personnalité humaine (Record no. 21119)

MARC details
000 -LEADER
campo de control de longitud fija 00651nam a2200205 i 4500
001 - NÚMERO DE CONTROL
campo de control 21119
003 - IDENTIFICADOR DE NÚMERO DE CONTROL
campo de control ES-MaACL
005 - FECHA Y HORA DE LA ÚLTIMA TRANSACCIÓN
campo de control 20230906152425.0
007 - CAMPO FIJO DE DESCRIPCIÓN FÍSICA--INFORMACIÓN GENERAL
campo de control de longitud fija t|
008 - DATOS DE LONGITUD FIJA--INFORMACIÓN GENERAL
campo de control de longitud fija 021121s1922 fr ||||1| fre d
100 1# - ENTRADA PRINCIPAL--NOMBRE DE PERSONA
Nombre de persona Achille-Delmas, F.
9 (RLIN) 18267
245 13 - MENCIÓN DEL TÍTULO
Título La personnalité humaine
Resto del título : son analyse /
Mención de responsabilidad, etc. F. Achille-Delmas, Marcel Boll.
260 ## - PUBLICACIÓN, DISTRIBUCIÓN, ETC.
Lugar de publicación, distribución, etc. Paris :
Nombre del editor, distribuidor, etc. Ernest Flammarion,
Fecha de publicación, distribución, etc. [1922] (
Fabricante Hemmerlé)
300 ## - DESCRIPCIÓN FÍSICA
Extensión 283 p. ;
Dimensiones 19 cm.
490 1# - MENCIÓN DE SERIE
Mención de serie Bibliothèque de philosophie scientifique
700 1# - ENTRADA AGREGADA--NOMBRE PERSONAL
Nombre de persona Boll, Marcel.
9 (RLIN) 29975
830 0# - PUNTO DE ACCESO ADICIONAL DE SERIE-TÍTULO UNIFORME
Título uniforme Bibliothèque de philosophie scientifique
9 (RLIN) 181135
852 ## - LOCALIZACIÓN
Ubicación ES-MaACL
Número de control de estantería F-6430
Holdings
Estatus retirado Estado de pérdida Estado de daño No para préstamo Biblioteca de origen Biblioteca actual Ubicación en estantería Fecha de adquisición Fuente de adquisición Total de préstamos Signatura topográfica completa Código de barras Visto por última vez Precio de reemplazo Tipo de ítem Koha
        Biblioteca del Ateneo de Madrid Biblioteca del Ateneo de Madrid Depósito 2 17/01/2008     F-6430 1021693 23/02/2023 23/02/2023 Libro impreso